000 00906nam a2200253 a 4500
001 000044177
005 20240412074303.0
008 140604s2006 dr 000 j spa d
040 _aDO-SdBNP
_bspa
_cBNPHU
082 _aRD863.44
_bR918p
100 1 _aRueda, Manuel
_919958
245 1 0 _aPremio nacional de literatura 1994 /
_cManuel Rueda.
260 _aSanto Domingo :
_bFundación Corripio,
_c2006.
300 _a564 p. ;
_c24 cm.
490 1 _aPremio nacional de literatura
504 _aIncluye referencias bibliográficas y notas al pie de las páginas
586 _aPremio Nacional de Literatura 1994
590 _aInventariado, 2020 /MAA
600 1 4 _aRUEDA, MANUEL,
_d1921-
_xCRÍTICA E INTERPRETACIÓN
_972181
650 0 _aCuentos dominicanos
_9176
650 0 _aLiteratura dominicana.
_967
830 0 _aPremio nacional de literatura
_923844
910 _aValidado. Control de calidad MFF
999 _c43666
_d43666